Statistics for 2022 NHL Entry Draft 1st Round Selections

Click here to take the quiz!

General Stats

  • This quiz has been taken 376 times
  • The average score is 14 of 32

Answer Stats

PickPlayerTeam% Correct
1Juraj SlafkovskyMontreal Canadiens
97%
4Shane WrightSeattle Kraken
94%
3Logan CooleyArizona Coyotes
90%
2Simon NemecNew Jersey Devils
90%
5Cutter GauthierPhiladelphia Flyers
72%
6David JiricekColumbus Blue Jackets
64%
7Kevin KorchinskiChicago Blackhawks
64%
9Matthew SavoieBuffalo Sabres
59%
26Filip MesarMontreal Canadiens
54%
13Frank NazarChicago Blackhawks
49%
8Marco KasperDetroit Red Wings
49%
30Brad LambertWinnipeg Jets
48%
11Conor GeekieArizona Coyotes
40%
10Pavel MintyukovAnaheim Ducks
39%
29Maveric LamoureuxArizona Coyotes
37%
12Denton MateychukColumbus Blue Jackets
36%
31Isaac HowardTampa Bay Lightning
36%
17Joakim KemellNashville Predators
36%
21Owen PickeringPittsburgh Penguins
36%
15Jonathan LekkerimakiVancouver Canucks
33%
32Reid SchaeferEdmonton Oilers
32%
14Rutger McgroartyWinnipeg Jets
32%
22Nathan GaucherAnaheim Ducks
31%
16Noah OstlundBuffalo Sabres
30%
19Liam OhgrenMinnesota Wild
29%
23Jimmy SnuggerudSt Louis Blues
26%
28Jiri KulichBuffalo Sabres
26%
20Ivan MiroshnichenkoWashington Capitals
25%
18Lian BichselDallas Stars
25%
24Danila YurovMinnesota Wild
22%
25Sam RinzelChicago Blackhawks
22%
27Filip BystedtSan Jose Sharks
17%

Score Distribution

Percentile by Number Answered

Percent of People with Each Score

Your Score History

You have not taken this quiz